[Event "AUTO-ADV-3103"]
[Site "http://www.queenalice.com/game.php?id=1265769"]
[Date "2014.3.17"]
[Round "1"]
[White "gsthck"]
[Black "Warner"]
[Result "1-0"]
[WhiteElo "1813"]
[BlackElo "1890"]

1. c4 e5 2. Nc3 Nf6 3. g3 d5 4. cxd5 Nxd5 5. Bg2 c6 6. Nf3 Nd7 7. d4 exd4 8.
Nxd5 cxd5 9. O-O Bc5 10. Nxd4 Bxd4 11. Qxd4 Nf6 12. Bg5 Be6 13. Bxf6 Qxf6 14.
Qxf6 gxf6 15. Rfd1 Rd8 16. Rd2 Ke7 17. Rad1 b6 18. Bxd5 Bxd5 19. Rxd5 Rxd5 20.
Rxd5 Rd8 21. Rxd8 Kxd8 22. f4 Kd7 23. Kf2 Ke6 24. e4 1-0

[Event "AUTO-ADV-3103"]
[Site "http://www.queenalice.com/game.php?id=1265780"]
[Date "2014.3.17"]
[Round "1"]
[White "ReiBranco"]
[Black "gsthck"]
[Result "1-0"]
[WhiteElo "1856"]
[BlackElo "1861"]

1. Nf3 d5 2. g3 g6 3. Bg2 Bg7 4. d3 Nf6 5. O-O O-O 6. Nbd2 c5 7. e4 Nc6 8. c3 e5
9. Re1 Re8 10. exd5 Nxd5 11. Nc4 b5 12. Ne3 Nxe3 13. Bxe3 Qb6 14. Qc2 Bb7 15.
Ng5 h6 16. Ne4 Bf8 17. Nf6+ Kg7 18. Ne4 Rad8 19. Qd2 Kh8 20. Bxh6 1-0

[Event "AUTO-ADV-3103"]
[Site "http://www.queenalice.com/game.php?id=1265781"]
[Date "2014.3.17"]
[Round "1"]
[White "gsthck"]
[Black "ReiBranco"]
[Result "0-1"]
[WhiteElo "1865"]
[BlackElo "1839"]

1. d4 Nf6 2. c4 g6 3. f3 Bg7 4. e4 d6 5. Be3 O-O 6. Nc3 Nbd7 7. Qc2 e5 8. d5 a5
9. Bd3 b6 10. Nge2 Nc5 11. Bxc5 bxc5 12. a4 Bd7 13. O-O Nh5 14. f4 exf4 15. Nxf4
Nxf4 16. Rxf4 Qg5 17. Raf1 Rae8 18. Qf2 Bd4 0-1

[Event "AUTO-ADV-3103"]
[Site "http://www.queenalice.com/game.php?id=1265788"]
[Date "2014.3.17"]
[Round "1"]
[White "gsthck"]
[Black "Igor2000"]
[Result "0-1"]
[WhiteElo "1788"]
[BlackElo "1906"]

1. e4 c5 2. b4 cxb4 3. a3 d5 4. exd5 Qxd5 5. d4 e5 6. Nf3 Nc6 7. Be3 Nf6 8. Be2
Bd6 9. O-O O-O 10. c4 bxc3 11. Nxc3 Qe6 12. d5 Qd7 13. dxc6 Qxc6 14. Rc1 Bxa3
15. Nxe5 Qe6 16. Ra1 Bb2 17. Bd4 Bxa1 18. Qxa1 Qd6 19. Rd1 Qb4 20. Nd5 Nxd5 0-1

[Event "AUTO-ADV-3103"]
[Site "http://www.queenalice.com/game.php?id=1265789"]
[Date "2014.3.17"]
[Round "1"]
[White "Igor2000"]
[Black "gsthck"]
[Result "1-0"]
[WhiteElo "1894"]
[BlackElo "1800"]

1. e4 c5 2. Nf3 Nf6 3. e5 Nd5 4. Nc3 Nxc3 5. dxc3 e6 6. Bc4 b6 7. O-O Be7 8. Be3
d5 9. Be2 Nc6 10. Bb5 Bd7 11. Ng5 Bxg5 12. Bxg5 Qxg5 13. Re1 Nxe5 14. Bxd7+ Kxd7
15. Qe2 Nc6 16. c4 Rae8 17. cxd5 exd5 18. Qa6 Rxe1+ 19. Rxe1 Rb8 20. c4 1-0

[Event "AUTO-ADV-3109"]
[Site "http://www.queenalice.com/game.php?id=1268259"]
[Date "2014.3.26"]
[Round "1"]
[White "maurice91"]
[Black "gsthck"]
[Result "0-1"]
[WhiteElo "1735"]
[BlackElo "1869"]

1. d4 c5 2. dxc5 a6 3. Bf4 Nc6 4. Nf3 e6 5. Bd6 Bxd6 6. cxd6 Nf6 7. Nc3 O-O 8.
e4 Qb6 9. e5 Qxb2 10. Na4 Qb4+ 11. Qd2 Qxd2+ 12. Kxd2 Ng4 13. Nb6 Ra7 14. Re1 f6
15. Re2 fxe5 16. Nxc8 Rxc8 17. h3 Nf6 18. Nxe5 Nxe5 19. Rxe5 Rc6 20. Bd3 Rxd6
21. Ke2 Nd5 22. a3 Nf4+ 23. Kd2 Nxg2 24. Rg1 Nf4 25. Rg3 Nxd3 26. cxd3 b5 27.
Kc3 Rc7+ 28. Kd2 Rd4 29. Reg5 g6 30. Ke3 Ra4 31. f3 Rxa3 32. h4 Rcc3 33. h5
Rxd3+ 34. Ke2 Rdb3 35. hxg6 hxg6 36. Rxg6+ Kf8 37. Rf6+ Ke7 38. Rf4 Rb2+ 0-1

[Event "AUTO-ADV-3109"]
[Site "http://www.queenalice.com/game.php?id=1268260"]
[Date "2014.3.26"]
[Round "1"]
[White "gsthck"]
[Black "maurice91"]
[Result "1-0"]
[WhiteElo "1832"]
[BlackElo "1770"]

1. d4 d5 2. Nf3 Nf6 3. e3 Bg4 4. Be2 e6 5. h3 Bh5 6. O-O Nbd7 7. c4 Bxf3 8. Bxf3
c6 9. c5 b5 10. b4 a5 11. bxa5 Qxa5 12. Bd2 Qc7 13. a4 bxa4 14. Rxa4 Rxa4 15.
Qxa4 Be7 16. Qa8+ Bd8 17. Nc3 O-O 18. Ra1 Be7 19. Ra7 Rxa8 20. Rxc7 Ra2 21. Nxa2
h6 22. Nb4 Bd8 23. Rc8 1-0

[Event "AUTO-ADV-3109"]
[Site "http://www.queenalice.com/game.php?id=1268273"]
[Date "2014.3.26"]
[Round "1"]
[White "gsthck"]
[Black "Knightman"]
[Result "0-1"]
[WhiteElo "1835"]
[BlackElo "2153"]

1. d4 Nf6 2. c4 e6 3. Nc3 d5 4. cxd5 exd5 5. Bg5 Nbd7 6. e4 dxe4 7. Nxe4 Bb4+ 8.
Nc3 O-O 9. Be2 h6 10. Bh4 Nb6 11. Nf3 Nbd5 12. Qc2 g5 13. Bg3 Ne4 14. O-O Nexc3
15. bxc3 Bxc3 16. Rab1 c6 17. Bc4 Ba5 18. Ne5 Bb6 19. Rfd1 h5 20. Bd3 h4 21.
Bh7+ Kh8 22. Nxf7+ Rxf7 23. Be5+ Rf6 24. Qg6 Qf8 25. Re1 Qg7 26. Bxf6 Nxf6 27.
Rb2 Bxd4 28. Rbe2 Bd7 29. Qxg7+ Kxg7 30. Re7+ Kh6 31. Rd1 c5 32. Rxd7 Nxd7 33.
Be4 Rf8 0-1

[Event "AUTO-ADV-3109"]
[Site "http://www.queenalice.com/game.php?id=1268274"]
[Date "2014.3.26"]
[Round "1"]
[White "Knightman"]
[Black "gsthck"]
[Result "1-0"]
[WhiteElo "2143"]
[BlackElo "1857"]

1. d4 d5 2. c4 c6 3. Nf3 e6 4. Nc3 dxc4 5. e4 Bb4 6. Bxc4 b5 7. Bd3 Nf6 8. O-O
Bb7 9. Qc2 Nbd7 10. e5 Bxc3 11. exf6 Bxd4 12. Nxd4 Nxf6 13. Nb3 O-O 14. Nc5 Rb8
15. Bf4 Qc7 16. Bxc7 1-0

[Event "AUTO-ADV-3109"]
[Site "http://www.queenalice.com/game.php?id=1268275"]
[Date "2014.3.26"]
[Round "1"]
[White "gsthck"]
[Black "ReiBranco"]
[Result "0-1"]
[WhiteElo "1765"]
[BlackElo "1879"]

1. e4 c6 2. c4 d5 3. exd5 cxd5 4. d4 Nf6 5. Nc3 dxc4 6. Bxc4 Bf5 7. Nf3 e6 8.
O-O Be7 9. Qa4+ Nbd7 10. Ne5 O-O 11. Nxd7 Qxd7 12. Bb5 Qd6 13. Be3 a6 0-1

[Event "AUTO-ADV-3109"]
[Site "http://www.queenalice.com/game.php?id=1268276"]
[Date "2014.3.26"]
[Round "1"]
[White "ReiBranco"]
[Black "gsthck"]
[Result "1-0"]
[WhiteElo "1867"]
[BlackElo "1777"]

1. Nf3 Nf6 2. g3 d5 3. Bg2 c6 4. O-O Bf5 5. d3 g6 6. Nbd2 Nbd7 7. Nh4 Bg7 8.
Nxf5 O-O 9. Nxg7 Kxg7 10. f4 Qb6+ 11. Kh1 e5 12. fxe5 Nxe5 13. h3 1-0

[Event "Let's Play Chess!"]
[Site "http://www.queenalice.com/game.php?id=1268850"]
[Date "2014.3.30"]
[Round "-"]
[White "Christhechessplayer"]
[Black "gsthck"]
[Result "1-0"]
[WhiteElo "1998"]
[BlackElo "1859"]

1. Nf3 d5 2. b3 c5 3. Bb2 e6 4. e3 Nf6 5. c4 Nc6 6. d4 cxd4 7. Nxd4 Bb4+ 8. Nd2
O-O 9. cxd5 exd5 10. Bd3 Nxd4 11. Bxd4 Re8 12. O-O Bxd2 13. Qxd2 Ne4 14. Qb2 Qg5
15. f3 Nf6 16. Rae1 b6 17. Bb5 Re7 18. Bc6 Rb8 19. Bxf6 gxf6 20. Qd4 Bh3 21. Rf2
Rc8 22. Bxd5 Rd8 23. Bxf7+ Kxf7 24. Qxd8 Rd7 25. Qb8 Be6 26. Qg3 Qa5 27. Rc2 1-0

[Event "Let's Play Chess!"]
[Site "http://www.queenalice.com/game.php?id=1268852"]
[Date "2014.3.30"]
[Round "-"]
[White "Christhechessplayer"]
[Black "gsthck"]
[Result "1-0"]
[WhiteElo "1856"]
[BlackElo "1859"]

1. Nf3 d5 2. b3 Nf6 3. Bb2 e6 4. e3 Bd6 5. c4 c6 6. Be2 O-O 7. d4 b6 8. Nbd2 Bb7
9. O-O Nbd7 10. Bd3 c5 11. Ne5 cxd4 12. exd4 dxc4 13. Ndxc4 Nxe5 14. dxe5 Bxe5
15. Nxe5 Nd5 16. Ba3 Nc3 17. Qc2 Qg5 18. f4 1-0

[Event "8Generation"]
[Site "http://www.queenalice.com/game.php?id=1269033"]
[Date "2014.3.30"]
[Round "-"]
[White "jruizlac"]
[Black "gsthck"]
[Result "1-0"]
[WhiteElo "1833"]
[BlackElo "1845"]

1. d4 c5 2. d5 e6 3. e4 Nf6 4. Nc3 exd5 5. exd5 d6 6. Nf3 Bg4 7. Bb5+ Nbd7 8.
O-O Be7 9. h3 Bf5 10. Nh4 Bg6 11. Nxg6 hxg6 12. Bf4 a6 13. Ba4 b5 14. Re1 O-O
15. Nxb5 axb5 16. Bxb5 Rb8 17. a4 Nh5 18. Bh2 f5 19. Re6 Ndf6 20. c4 Kf7 21. a5
Ne4 22. f3 Neg3 23. a6 f4 24. a7 Ra8 25. Bc6 1-0

[Event "Challenge"]
[Site "http://www.queenalice.com/game.php?id=1269055"]
[Date "2014.3.29"]
[Round "-"]
[White "gsthck"]
[Black "Zugswang"]
[Result "0-1"]
[WhiteElo "1875"]
[BlackElo "2114"]

1. e4 g6 2. Nc3 Bg7 3. g3 c5 4. Bg2 Nc6 5. Nf3 d6 6. O-O Bg4 7. h3 Bd7 8. Ne2
Nf6 9. d3 e5 10. c3 O-O 11. Qc2 b5 12. b3 a5 13. Bb2 a4 14. bxa4 Rxa4 15. a3 Qa8
16. d4 cxd4 17. cxd4 Rc8 18. Qd3 Qb8 19. dxe5 Nxe5 20. Nxe5 dxe5 21. f4 Bc6 22.
fxe5 Nxe4 23. Bxe4 Bxe4 24. Qe3 Bxe5 25. Bxe5 Qxe5 26. Rac1 Rac4 27. Rxc4 Rxc4
28. Qa7 Qc5+ 29. Qxc5 Rxc5 30. Rf4 f5 31. g4 g5 32. Rf2 f4 33. Nd4 Rc3 34. h4
Rc1+ 35. Kh2 Rh1# 0-1

[Event "Challenge"]
[Site "http://www.queenalice.com/game.php?id=1269056"]
[Date "2014.3.29"]
[Round "-"]
[White "Zugswang"]
[Black "gsthck"]
[Result "1-0"]
[WhiteElo "2095"]
[BlackElo "1840"]

1. e4 e5 2. f4 exf4 3. Nf3 d5 4. exd5 Nf6 5. c4 c6 6. Nc3 Bg4 7. Be2 Bc5 8. d4
Bxf3 9. Bxf3 Bb4 10. O-O O-O 11. Bxf4 Bxc3 12. bxc3 cxd5 13. Qb3 dxc4 14. Qxc4
Nbd7 15. Bxb7 Nb6 16. Qd3 Nh5 17. Bxa8 Qxa8 18. Qf3 Nxf4 19. Qxf4 Qc6 20. Qf3
Nd5 21. Rfc1 Rc8 22. c4 Nb4 23. Qxc6 Rxc6 24. d5 Ra6 25. a3 1-0

[Event "21"]
[Site "http://www.queenalice.com/game.php?id=1269065"]
[Date "2014.3.30"]
[Round "-"]
[White "Apatride"]
[Black "gsthck"]
[Result "1-0"]
[WhiteElo "2522"]
[BlackElo "1843"]

1. e4 e5 2. d4 exd4 3. c3 dxc3 4. Bc4 cxb2 5. Bxb2 d5 6. Bxd5 Bb4+ 7. Nc3 Be6 8.
Qa4+ c6 9. Bxe6 Qe7 10. Bf5 Nf6 11. Ne2 O-O 12. a3 Bd6 13. f4 Bc5 14. e5 Ng4 15.
Ne4 Ne3 16. Nxc5 Qxc5 17. Bd4 Qc4 18. Qxc4 Nxc4 19. O-O g6 20. Rf3 c5 21. Bxc5
Rd8 22. Rc3 Na5 23. Bd6 Nbc6 24. Be4 f5 25. Bd5+ Kg7 26. Rb1 Rxd6 27. exd6 Rd8
28. Bxc6 bxc6 29. Rc5 1-0

[Event "22"]
[Site "http://www.queenalice.com/game.php?id=1269067"]
[Date "2014.3.30"]
[Round "-"]
[White "gsthck"]
[Black "Apatride"]
[Result "0-1"]
[WhiteElo "1834"]
[BlackElo "2527"]

1. e4 Nc6 2. Nf3 e5 3. Bb5 Nf6 4. d4 Nxd4 5. Nxd4 c6 6. O-O Qb6 7. Bd3 Qxd4 8.
c3 Qb6 9. Qc2 d5 10. exd5 cxd5 11. Be3 Bc5 12. Bxc5 Qxc5 13. Qe2 e4 14. Bb5+ Kf8
15. b4 Qc7 16. Rd1 Bg4 17. f3 Qb6+ 18. Kh1 exf3 19. gxf3 Bxf3+ 20. Qxf3 Qxb5 21.
a4 Qc6 22. Na3 h5 23. Nb5 Rh6 24. Nd4 Qc7 25. Ra2 Ne4 26. Rd3 Qc4 27. Rf2 Nxf2+
0-1

[Event "Challenge"]
[Site "http://www.queenalice.com/game.php?id=1269301"]
[Date "2014.3.30"]
[Round "-"]
[White "gsthck"]
[Black "jcso"]
[Result "0-1"]
[WhiteElo "1868"]
[BlackElo "1785"]

1. Nf3 d5 2. d4 Nc6 3. Bf4 Nf6 4. Nc3 a6 5. e3 e6 6. Ne5 Bd7 7. g4 h6 8. Qf3 Bb4
9. a3 Bxc3+ 10. bxc3 g5 11. Nxd7 Qxd7 12. Bxc7 Ne4 13. Be5 Nxe5 14. dxe5 Nxc3
15. Qf6 Rg8 16. Bd3 Qe7 17. Qxe7+ Kxe7 18. Kd2 Rac8 19. a4 Rgd8 20. Ra3 Ne4+ 21.
Bxe4 dxe4+ 22. Kc1 Rd3 23. Rxd3 exd3 24. Kd2 Rxc2+ 25. Kxd3 Rxf2 0-1

[Event "AUTO-ADV-3113"]
[Site "http://www.queenalice.com/game.php?id=1269377"]
[Date "2014.3.31"]
[Round "1"]
[White "gsthck"]
[Black "Givanildo"]
[Result "1-0"]
[WhiteElo "1834"]
[BlackElo "1702"]

1. d4 c6 2. e4 d6 3. Nf3 h6 4. c4 g5 5. h3 Bg7 6. Be3 c5 7. Nc3 g4 8. hxg4 Bxg4
9. Be2 Bd7 10. Qb3 b6 11. dxc5 bxc5 12. Nd5 Nc6 13. a3 Na5 14. Qc2 e6 15. Nf4
Nf6 16. Nh5 Nxh5 17. Rxh5 e5 18. b4 Nc6 19. bxc5 Qa5+ 20. Qd2 Nb4 21. Qxb4 Qc7
22. cxd6 Qc8 23. Nxe5 a5 24. Qd2 Bxe5 25. Rxe5+ Kf8 26. Bxh6+ Kg8 27. Qg5+ Kh7
28. Qg7# 1-0

[Event "AUTO-ADV-3113"]
[Site "http://www.queenalice.com/game.php?id=1269378"]
[Date "2014.3.31"]
[Round "1"]
[White "Givanildo"]
[Black "gsthck"]
[Result "0-1"]
[WhiteElo "1640"]
[BlackElo "1843"]

1. d3 d5 2. c3 e5 3. g3 Nf6 4. Bg2 Be7 5. h3 Kf8 6. Bf3 c5 7. Bd2 Nc6 8. c4 e4
9. Bg2 exd3 10. e3 dxc4 11. Nf3 g6 12. Ng5 Kg7 13. e4 h6 14. e5 Nxe5 15. Nf3
Nxf3+ 16. Bxf3 Nd5 17. h4 Bf6 18. Qc1 Re8+ 19. Kf1 b5 20. Bxh6+ Kh7 21. h5 g5
22. Nd2 Kxh6 23. Ne4 Rxe4 24. Bxe4 Bg4 25. Bg6 fxg6 26. hxg6+ Kxg6 27. b3 c3 28.
f4 d2 29. f5+ Bxf5 30. Qd1 Bd3+ 31. Kg1 Bd4+ 32. Kh2 Qh8+ 33. Kg2 Be4+ 34. Qf3
Bxf3+ 35. Kxf3 Rf8+ 36. Ke2 Qe5+ 37. Kd1 Ne3+ 38. Ke2 Nc4+ 39. Kd1 Nb2+ 40. Kc2
Qe4# 0-1

[Event "AUTO-ADV-3113"]
[Site "http://www.queenalice.com/game.php?id=1269379"]
[Date "2014.3.31"]
[Round "1"]
[White "gsthck"]
[Black "arniecoruja"]
[Result "1-0"]
[WhiteElo "1846"]
[BlackElo "1812"]

1. e4 e5 2. d3 Nc6 3. Nf3 g6 4. Nc3 Bb4 5. a3 Bxc3+ 6. bxc3 d6 7. d4 Nge7 8. Bh6
Ng8 9. Bg7 exd4 10. cxd4 b6 11. Bxh8 a6 12. d5 Na7 13. c4 Bb7 14. e5 Qe7 15. Bd3
dxe5 16. O-O f6 17. Re1 O-O-O 18. Nxe5 fxe5 19. Rxe5 Qc5 20. Qg4+ Kb8 21. Rae1
Qxa3 22. Re8 Rxe8 23. Rxe8+ Bc8 24. Bf1 Nh6 25. Qf4 Nf5 26. Be5 Nd6 27. Rd8 a5
28. Bxd6 cxd6 29. Rxd6 1-0

[Event "AUTO-ADV-3113"]
[Site "http://www.queenalice.com/game.php?id=1269380"]
[Date "2014.3.31"]
[Round "1"]
[White "arniecoruja"]
[Black "gsthck"]
[Result "1/2-1/2"]
[WhiteElo "1810"]
[BlackElo "1848"]

1. d4 d5 2. b3 Nf6 3. f3 c5 4. e3 Bf5 5. Bd3 Bxd3 6. Qxd3 cxd4 7. exd4 e6 8. Ba3
Nc6 9. Bxf8 Kxf8 10. g4 g6 11. h4 Nb4 12. Qd2 Qa5 13. c3 Nc6 14. a4 Kg7 15. h5
e5 16. h6+ Kf8 17. b4 Qc7 18. g5 Nd7 19. Ne2 exd4 20. Nxd4 Nxd4 21. Qxd4 Qg3+
22. Qf2 Re8+ 23. Kf1 Qc7 24. Qd4 Rg8 25. Na3 a6 26. Re1 Rxe1+ 27. Kxe1 Qg3+ 28.
Qf2 Qe5+ 1/2-1/2